Регионална библиотека "Любен Каравелов" - Русе

Моят ден (Запис номер 77858)

MARC детайли
000 -Лидер
Контролно поле с фиксирана дължина 01617nam a2200361 c 4500
003 - Код на организацията, давaща контролен номер
Контролно поле BLK
005 - Дата и час на последна редакция
Контролно поле 20220316125119.0
008 - Елементи от данни с фиксирана дължина
fixed length control field 180408b bul|||||r ||||||| ||bul||
010 ## - Наследен системен номер
LC control number KNG00082321000
020 ## - Международен стандартен номер на книга ISBN
Международен стандартен номер на книга ISBN 954-26-0529-3
040 ## - Източник на каталожния запис
Идентификатор на билиотеката - собственик на записа BLK
041 ## - Код за език
Код за езика на текст/звукозапис или на отделно заглавие Български
Код за езика КДБФ Български
080 ## - УДК
Текстов определител УДК Руска литература
УДК код - определител по УДК 821.161.1
УДК определител -93-1
УДК - код + определител 821.161.1-93-1
100 1# - Редна дума - Автор
Автор Уласевич, Олга
Авторска отговорност първи автор
R(LIN) 132816
139 ## - Редно поле
Редна дума Уласевич, Олга Николаевна
Авторски знак Ул - У 51
245 10 - Сведения за заглавието
Заглавие Моят ден
Редно поле (дума) Олга Уласевич; худож. Сергей Хушану; прев. и адапт. Венера Иванова Атанасова.
257 ## - Страна на издаване
Страна на създаване/издаване Русия
260 ## - Област на издателските данни
Име на издателя, разпространителя и проч. Хермес
Година на издаване 2007
Печатница отпеч. в Китай
300 ## - Физическа характеристика
Страници 12 с.
Илюстрации и др. с цв. ил.
Размери/Мащаб 20 см
380 ## - Жанр
Жанр Детска худож. лит.
490 ## - СЕРИИ (Колекции)
Име на серия Открий тайната!
9 (RLIN) 203798
500 ## - Общи забележки
Забележка Кор. опис. - Ориг. загл. Мой день. - Авт. отбелязан в библиогр. каре. - Офс. изд. - Кн. е отпеч. на ламиниран картон.
653 ## - Ключова дума – ненормативна
Ключова дума стихотворения за деца
653 ## - Ключова дума – ненормативна
Ключова дума литература за деца
653 ## - Ключова дума – ненормативна
Ключова дума детска литература
700 1# - Други автори (авторска отговорност)
Лично име Хушану, Сергей
Автороска отговорност (Описва отношението между автора и произведението) худож.
9 (RLIN) 138721
700 1# - Други автори (авторска отговорност)
Лично име Атанасова, Венера Иванова
Автороска отговорност (Описва отношението между автора и произведението) прев. и адапт.
9 (RLIN) 363320
852 ## - Местоположение
Форматна сигнатура Цб 238986
856 4# - Електронен адрес и достъп
Електронен формат pdf - файл
856 4# - Електронен адрес и достъп
Електронен формат pdf - файл
999 ## - СИСТЕМНИ КОНТРОЛНИ НОМЕРА
Koha biblionumber 77858
Koha biblioitemnumber 77858
942 ## - АРТИКУЛИ
Вид на библиотечния материал Книги
Скрит в OPAC Не
Koha issues (borrowed), all copies 29
Периодичен библиозапис Да
944 ## - СЪЗДАВАНЕ И РЕДАКЦИЯ на ЗАПИСА
Създаване/Редакция Създаване
Дата на регистрацията/редакция 14.03.2008
Статус, дата на статуса ф /
Служител, извършил регистрацията/редакцията Виолета_Тройчева
944 ## - СЪЗДАВАНЕ И РЕДАКЦИЯ на ЗАПИСА
Създаване/Редакция Редакция
Дата на регистрацията/редакция 24.11.2014
Статус, дата на статуса ф /
Служител, извършил регистрацията/редакцията Людмила_Стоянова
999 ## - СИСТЕМНИ КОНТРОЛНИ НОМЕРА
Koha biblioitemnumber 77858
Наличности
Код за отписване Код за изгубен артикул Код за повреда Коз за рестрикции Код за отдаване Артикулен № Име на библиотеката - собственик Име на библиотеката, в която се намира в момента Статус (Текущо местоположение) Дата на вписване в системата Местоположение - отдел Цена в лева Инвентарен номер Систематично азбучна сигнатура Баркод Номер на екземпляра Цена в евро Служебна бележка Служебен тип на артикула Източник на класификационната схема
  Не е изгубен Не е повреден без рестрикции ползва се в читалня 126145 Регионална библиотека "Любен Каравелов" Русе Регионална библиотека "Любен Каравелов" Русе Хранилище 2008-03-14 Хранилище 5.99 120000724507 Цб 238986 120000724507 1 3.06 Дост: Dp Вид: Д N: 3 Дата: 12.12.2007 Книги  
  Не е изгубен Не е повреден без рестрикции заемане за дома 126146 Регионална библиотека "Любен Каравелов" Русе Регионална библиотека "Любен Каравелов" Русе Детски отдел 2010-12-16 Детски отдел 5.99 120000748343 ДХ 820/899/У 51 120000748343 2 3.06 Дост: DA Вид: А N: 25 Дата: 16.12.2010 Дата инв: 18.08.2015 Бележки инв: Д2015 Книги Universal Decimal Classification
Изтеглен Не е изгубен Не е повреден без рестрикции заемане за дома 126147 Регионална библиотека "Любен Каравелов" Русе Регионална библиотека "Любен Каравелов" Русе Детски отдел 2010-12-16 Детски отдел 5.99 120000748344 ДХ 820/899/У 51 120000748344 3 3.06 Дост: DA Вид: А N: 25 Дата: 16.12.2010 Книги Universal Decimal Classification
Изтеглен Не е изгубен Не е повреден без рестрикции заемане за дома 126148 Регионална библиотека "Любен Каравелов" Русе Регионална библиотека "Любен Каравелов" Русе Детски отдел 2014-09-12 Детски отдел 5.99 120000780786 ДХ 820/899/У 51 120000780786 4 3.06 Дост: DA Вид: А N: 18 Дата: 12.09.2014 Дата инв: 31.08.2015 Бележки инв: Д2015 Книги Universal Decimal Classification
Vip Innovations Ltd, Rousse, Bulgaria 2025